| 000 | 00666nam a22002177a 4500 | ||
|---|---|---|---|
| 999 |
_c14589 _d14589 |
||
| 003 | AR-CdUCM | ||
| 008 | 190423b ||||| |||| 00| 0 spa d | ||
| 020 | _a978-612-46460-2-7 | ||
| 040 |
_aMUNICIPALIDAD PROVINCIAL DEL CUSCO _cBIBLIOTECA MUNICIPAL DEL CUSCO |
||
| 082 |
_aPI / 376.1 / _bR77 |
||
| 100 |
_aRojas Zimin, Svetlana _930566 |
||
| 245 | _aColorea con Incawawitas / | ||
| 260 |
_aLima : _bBermud´as, _c2013. |
||
| 300 |
_a43 páginas ; _bIlustraciones, _c29 cm. |
||
| 500 | _aLibro de colorear | ||
| 650 |
_aLibro de colorear _933427 |
||
| 650 |
_aInfantil _96210 |
||
| 650 |
_aIncawawitas _933428 |
||
| 942 |
_2ddc _cLIBROS |
||
| 945 |
_adavv _d23/04/2019 |
||